[Event "Wasselonne Open 2012"]
[Site "Wasselonne FRA"]
[Date "2012.08.03"]
[Round "3.2"]
[White "Wonner,F"]
[Black "Chernov,Va"]
[Result "0-1"]
[WhiteElo "2046"]
[BlackElo "2468"]

1.e4 g6 2.d4 Bg7 3.Nc3 c6 4.Nf3 d6 5.Be3 Nf6 6.Qd2 Bg4 7.Be2 O-O 8.h3 Bxf3
9.Bxf3 Nbd7 10.Bh6 e5 11.Bxg7 Kxg7 12.O-O-O Qb6 13.g4 h6 14.dxe5 Nxe5 15.Be2 Qxf2
16.Qxd6 Rfe8 17.Qd2 Rad8 18.Bd3 Qxd2+ 19.Rxd2 Nfd7 20.Be2 Nc5 21.Rxd8 Rxd8
22.Rd1 Rxd1+ 23.Kxd1 Ne6 24.Ke1 Nf4 25.Bf1 Kf6 26.Kf2 Nd7 27.Ne2 Ke5 28.Ke3 Nxe2
29.Bxe2 Nc5 30.Bf3 a5 31.h4 g5 32.hxg5 hxg5 33.b3 b5 34.c3 b4 35.cxb4 axb4
36.Bg2 Nd7 37.Bf1 Nf6 38.Be2 Nxe4 39.Bf3 Nf6 40.Be2 Nd5+ 41.Kf3 Nc3 42.Bc4 f6
43.Ke3 Nxa2 44.Kd3 Nc3 45.Bf7 Ne4 46.Be8 c5 47.Bd7 Nd6 48.Ke3 c4 49.bxc4 Nxc4+  0-1

[Event "38th Badalona Open A"]
[Site "Badalona ESP"]
[Date "2012.08.05"]
[Round "5.2"]
[White "Guerra Mendez,J"]
[Black "Lalith,B"]
[Result "1/2-1/2"]
[WhiteElo "2441"]
[BlackElo "2515"]

1.e4 g6 2.d4 Bg7 3.Nc3 c6 4.Nf3 d6 5.Be3 Nd7 6.Qd2 b5 7.Bd3 Bb7 8.O-O e5
9.dxe5 dxe5 10.a4 a6 11.Ne2 Ngf6 12.Ng3 O-O 13.c4 bxa4 14.h3 c5 15.Rxa4 Qc7
16.Qa5 Rfc8 17.Rd1 Qd6 18.Bc2 Qe7 19.Ra2 Nf8 20.b3 h5 21.Bb1 Ne6 22.Nxe5 h4
23.Ne2 Bxe4 24.Nd7 Rd8 25.Nxf6+ Qxf6  1/2-1/2

[Event "11th Braunau Open A"]
[Site "Ranshofen AUT"]
[Date "2012.08.09"]
[Round "7.4"]
[White "Dovzik,J"]
[Black "Medvegy,Z"]
[Result "0-1"]
[WhiteElo "2346"]
[BlackElo "2555"]

1.e4 g6 2.d4 Bg7 3.Nc3 c6 4.Nf3 d6 5.h3 Nf6 6.Be2 O-O 7.O-O Nbd7 8.Re1 Qc7
9.Be3 b5 10.a3 Bb7 11.Qd2 a6 12.Bh6 e5 13.Bxg7 Kxg7 14.Rad1 Rfe8 15.dxe5 dxe5
16.Qe3 c5 17.Rd2 Nb6 18.Red1 Re7 19.Nd5 Bxd5 20.exd5 Qd6 21.Ng5 h6 22.Ne4 Nxe4
23.Qxe4 c4 24.Qe3 Rc8 25.b3 Rec7 26.f4 exf4 27.Qd4+ Kg8 28.Bf3 Re8 29.Kh2 Nd7
30.a4 Ne5 31.axb5 Nxf3+ 32.gxf3 axb5 33.Ra1 Kh7 34.Ra7 Rxa7 35.Qxa7 Re7 36.Qd4 cxb3
37.cxb3 Re3 38.Ra2 g5 39.b4 Qe5 40.Qxe5 Rxe5 41.Rd2 Re7 42.d6 Rd7 43.h4 Kg6
44.Kh3 f6 45.Rd5 f5 46.Rxb5 Rxd6 47.hxg5 hxg5 48.Rb8 Rd3 49.Kg2 Rd2+ 50.Kf1 g4
51.b5 Rd3 52.fxg4 fxg4 53.b6 Rb3 54.Ke2 g3 55.Rg8+ Kf5 56.Rf8+ Kg4 57.Rg8+ Kh3  0-1

[Event "16th HZ Open"]
[Site "Vlissingen NED"]
[Date "2012.08.09"]
[Round "7"]
[White "Sowray,P"]
[Black "Kampman,T"]
[Result "1-0"]
[WhiteElo "2375"]
[BlackElo "2114"]

1.d4 g6 2.e4 Bg7 3.Nc3 c6 4.f4 d5 5.e5 h5 6.Nf3 Nh6 7.Be3 Bf5 8.Be2 Nd7 9.Qd2 Nf8
10.h3 Ne6 11.O-O O-O 12.Kh2 f6 13.Rf2 Qd7 14.Rg1 Rad8 15.exf6 exf6 16.Nh4 Kf7
17.Qd1 c5 18.Bf3 Be4 19.f5 Nxf5 20.Nxf5 Bxf5 21.Bxd5 cxd4 22.Bxd4 Qc7+ 23.Kh1 Rfe8
24.Re1 Kf8 25.Be3 Nc5 26.Rxf5 gxf5 27.Qxh5 Ne4 28.Qh7 Rxd5 29.Nxd5 Qxc2 30.Kg1 Ng3
31.Qg6 Ne2+ 32.Kh2 Nd4 33.Bxd4 Rxe1 34.Bc3 Rh1+ 35.Kxh1 Qd1+ 36.Kh2 Qxd5
37.a3 a5 38.Qg3 Bh6 39.Bxf6 Qe4 40.Bg5 Bxg5 41.Qxg5 Qe5+ 42.Qg3 Qxb2 43.Qb8+ Kf7
44.Qc7+ Kg6 45.Qxa5 Qd4 46.Qc7 Qe4 47.Qg3+ Kf6 48.h4 f4 49.Qc3+ Kg6 50.Qc5 Kf6
51.Qb6+ Kf5 52.Qb5+ Kf6 53.Qg5+ Ke6 54.Qg4+ Kf6 55.Kh3 Qe3+ 56.Qf3 Qe6+ 57.Kh2 Qe5
58.g3 Kf5 59.Qh5+ Ke4 60.Qxe5+ Kxe5 61.g4 Ke4 62.Kg2 f3+ 63.Kf2 Kf4 64.g5  1-0

[Event "Miguel Najdorf Open A"]
[Site "Warsaw POL"]
[Date "2012.08.11"]
[Round "6.13"]
[White "Malec,S"]
[Black "Przezdziecka,M"]
[Result "1-0"]
[WhiteElo "2093"]
[BlackElo "2276"]

1.e4 g6 2.d4 Bg7 3.Nc3 c6 4.Nf3 d6 5.h3 Nf6 6.Bd3 O-O 7.O-O Qc7 8.Ne2 e5
9.c3 Re8 10.Ng3 Nbd7 11.Be3 Nf8 12.Qd2 Ne6 13.Ng5 Nxg5 14.Bxg5 Nd7 15.Bh6 Bh8
16.d5 cxd5 17.exd5 Nc5 18.Bc2 Bd7 19.Rac1 Rac8 20.b4 Na4 21.c4 Nb6 22.Bb3 Na8
23.c5 e4 24.Bf4 Be5 25.Nxe4 dxc5 26.Nf6+ Kh8 27.d6 Qd8 28.Nxe8 Qxe8 29.Rfe1 f6
30.Bxe5 fxe5 31.Qg5  1-0

[Event "2nd Metropolitan International"]
[Site "Los Angeles USA"]
[Date "2012.08.14"]
[Round "1"]
[White "Vibbert,Sean"]
[Black "Sevillano,E"]
[Result "1/2-1/2"]
[WhiteElo "2240"]
[BlackElo "2526"]

1.e4 g6 2.d4 Bg7 3.Nc3 c6 4.Nf3 d5 5.e5 h5 6.Ne2 Nh6 7.Nf4 Nf5 8.Bd3 Na6
9.c3 Nc7 10.h4 b6 11.Qe2 a5 12.Ng5 e6 13.Bxf5 exf5 14.e6 Bxe6 15.Nxg6 fxg6
16.Bf4 Qd7 17.Bxc7 O-O 18.O-O Rfe8 19.Be5 Bh6 20.Qd2 Qe7 21.Bf4 Bxg5 22.Bxg5 Qf7
23.Bf4 a4 24.a3 Bd7 25.Be5 Kh7 26.Rfe1 Re6 27.Qf4 Rae8 28.Re3 c5 29.Rae1 Qf8
30.Qf3 Bc6 31.Bc7 Re4 32.Rxe4 fxe4 33.Qxf8 Rxf8 34.Bxb6 cxd4 35.Bxd4 Rb8
36.Re2 Bb5 37.Rd2 Rf8 38.Be3 Bc4 39.Kh2 Kg7 40.Kg3 Kf6 41.f3 exf3 42.gxf3 Re8
43.Kf2 Rb8 44.Kg3 Re8 45.Kf4 Kf7 46.Rg2 Re6 47.Bd4 Re2 48.Rxe2 Bxe2 49.Ke5 Bxf3
50.Be3 Ke7 51.Kd4  1/2-1/2

[Event "ch-FRA w 2012"]
[Site "Pau FRA"]
[Date "2012.08.15"]
[Round "2"]
[White "Milliet,S"]
[Black "Safranska,A"]
[Result "1/2-1/2"]
[WhiteElo "2411"]
[BlackElo "2298"]

1.e4 g6 2.d4 Bg7 3.Nc3 c6 4.Bc4 d6 5.Qf3 e6 6.Nge2 Nd7 7.Bb3 Qe7 8.O-O e5
9.Be3 Ngf6 10.Rad1 O-O 11.h3 Kh8 12.Bg5 h6 13.Bh4 a5 14.a4 Qe8 15.dxe5 dxe5
16.Rd6 Qe7 17.Rfd1 g5 18.Bg3 Nc5 19.Ba2 Nd5 20.R6xd5 cxd5 21.Nxd5 Qd8 22.Nec3 Ne6
23.Nb5 Bd7 24.c3 Bxb5 25.axb5 b6 26.Qf5 Nf4 27.Bxf4 gxf4 28.Rd3 Ra7 29.Nxf4 Qc8
30.Nd5 Qxf5 31.exf5 Rd8 32.Re3 f6 33.f4 Rd6 34.Re4 Ra8 35.Kh2 a4 36.Nc7 Rc8
37.Ne6 a3 38.bxa3 Rd2 39.Bc4 Rc2 40.fxe5 fxe5 41.Rg4 e4 42.Rxg7 Rxc4 43.f6 Rf2
44.f7 Rc8 45.Rg6 Rxf7 46.Rxh6+ Rh7 47.Rxh7+ Kxh7 48.Kg3 Rxc3+ 49.Kf4 e3 50.Kf3 Rxa3
51.Nf8+ Kh6 52.Nd7 Rb3 53.Nxb6 Rxb5 54.Nc4 Kg5 55.g3 Rb3 56.Nxe3 Ra3 57.Ke4 Ra4+
58.Kf3 Ra3 59.h4+ Kh5 60.Kf4 Ra4+ 61.Kf3 Ra3 62.Kf4 Ra4+ 63.Kf3 Ra3 64.Ke4  1/2-1/2

[Event "LBV Open A 2012"]
[Site "Roosendaal NED"]
[Date "2012.08.16"]
[Round "1.16"]
[White "Boulahfa,H"]
[Black "Van der Wiel,J"]
[Result "1/2-1/2"]
[WhiteElo "2098"]
[BlackElo "2419"]

1.e4 g6 2.d4 Bg7 3.Nc3 c6 4.Be3 d6 5.Qd2 Nf6 6.h3 O-O 7.g4 b5 8.Bg2 e5 9.Nge2 Bb7
10.Ng3 exd4 11.Bxd4 b4 12.Nce2 c5 13.Be3 Re8 14.O-O-O Na6 15.g5 Nd7 16.Qxd6 Qa5
17.Qxd7 Qxa2 18.Qxb7 Bxb2+ 19.Kd2 Rad8+ 20.Ke1 Rxd1+ 21.Kxd1 Rd8+ 22.Ke1 Qb1+
23.Nc1 Bxc1 24.Qxa6 Bxe3+ 25.Ke2 Bc1 26.Qa4 Rd2+ 27.Kf3 Qxc2 28.Qe8+ Kg7
29.Qe5+ Kf8 30.Qb8+ Kg7 31.Qe5+ Kf8 32.Qb8+ Ke7 33.Qc7+ Ke8 34.Qb8+ Ke7 35.Qc7+ Kf8
36.Qb8+ Kg7  1/2-1/2

[Event "32nd Bratto Masters"]
[Site "Bratto ITA"]
[Date "2012.08.20"]
[Round "3.5"]
[White "Janev,E"]
[Black "Qendro,L"]
[Result "1-0"]
[WhiteElo "2457"]
[BlackElo "2328"]

1.e4 g6 2.d4 Bg7 3.Nc3 c6 4.f4 d5 5.e5 Nh6 6.Nf3 O-O 7.Be2 Bg4 8.O-O f6 9.h3 Bxf3
10.Bxf3 fxe5 11.fxe5 e6 12.Ne2 Nd7 13.Bf4 Nf5 14.Qd2 Qb6 15.Kh2 Rf7 16.c3 Raf8
17.Bg4 c5 18.Bxf5 Rxf5 19.Ng3 R5f7 20.Be3 Rxf1 21.Nxf1 cxd4 22.cxd4 Rc8 23.Ng3 Nb8
24.Ne2 Nc6 25.Nf4 Ne7 26.g4 Bh6 27.Nxd5 Bxe3 28.Nxe7+  1-0

[Event "EY Girls U16 2012"]
[Site "Prague CZE"]
[Date "2012.08.20"]
[Round "4.2"]
[White "Visanescu,D"]
[Black "Imnadze,N"]
[Result "1-0"]
[WhiteElo "2019"]
[BlackElo "2030"]

1.e4 g6 2.d4 Bg7 3.Nc3 c6 4.Be3 d5 5.e5 h5 6.Bd3 Nh6 7.h3 Nf5 8.Bxf5 Bxf5
9.Nf3 Nd7 10.Qd2 Qb6 11.b3 Qa6 12.Nh4 O-O-O 13.a4 Nxe5 14.Nxf5 gxf5 15.dxe5 d4
16.Bxd4 c5 17.Nb5 cxd4 18.Qb4 Kb8 19.Qxe7 Rhe8 20.Qc7+ Ka8 21.Qxd8+ Rxd8
22.Nc7+ Kb8 23.Nxa6+ bxa6 24.f4 Bf8 25.O-O Bb4 26.Rad1 Bc3 27.Rf3 Rg8 28.Kf2 h4
29.g3 Rh8 30.gxh4 Rxh4 31.Rg1 Bd2 32.Rg5 Bxf4 33.Rxf5 Be3+ 34.Ke2 Re4 35.Kd3 Rh4
36.Rxf7 Rh6 37.Rg7 Rh8 38.e6 Bh6 39.Rgf7 Re8 40.e7 Kc7 41.Kxd4 Kd7 42.Kd5 Bg5
43.Rf8  1-0

[Event "12th World Uni Women"]
[Site "Guimaraes POR"]
[Date "2012.08.22"]
[Round "5.5"]
[White "Fuchs,Ju"]
[Black "Przezdziecka,M"]
[Result "1/2-1/2"]
[WhiteElo "2268"]
[BlackElo "2276"]

1.e4 g6 2.d4 Bg7 3.Nc3 c6 4.Nf3 d6 5.h3 Nf6 6.Bd3 O-O 7.O-O b5 8.Ne2 Nbd7
9.Be3 Nb6 10.Qc1 Qc7 11.Bh6 a6 12.Ng3 e5 13.dxe5 dxe5 14.Bxg7 Kxg7 15.Qg5 h6
16.Qxe5 Qxe5 17.Nxe5 c5 18.c3 Bb7 19.Bc2 h5 20.h4 Rfe8 21.f4 Rad8 22.Rad1 a5
23.b3 a4 24.Rfe1 axb3 25.axb3 Ra8 26.Rd6 Nc8 27.Rd2 Ra2 28.Red1 Nd6 29.Bb1 Rxd2
30.Rxd2 Ndxe4 31.Nxe4 Bxe4 32.Bxe4 Nxe4 33.Rd7 Nxc3 34.Rxf7+ Kg8 35.Rc7 Ne2+
36.Kh2 Nxf4 37.Rxc5 Ra8 38.Rxb5 Ra2 39.Rb8+ Kg7 40.Kg3 Ne2+ 41.Kf3 Kf6 42.Rf8+ Kxe5
43.Re8+ Kf5 44.Rxe2 Ra5 45.b4 Rb5 46.Rb2 Ke5 47.Ke3 Kd5 48.Kd3 Kc6 49.Kc4 Rf5
50.g3 g5 51.b5+ Kb6 52.hxg5 Rxg5 53.Rb3 Rg4+ 54.Kd5 h4 55.gxh4 Rxh4 56.Ke5 Rh5+
57.Kd4 Rxb5 58.Rxb5+ Kxb5 59.Ke4  1/2-1/2

[Event "2nd Isthmia Open A"]
[Site "Korinthia GRE"]
[Date "2012.08.22"]
[Round "6.3"]
[White "Georgiadis,I"]
[Black "Svetushkin,D"]
[Result "1/2-1/2"]
[WhiteElo "2445"]
[BlackElo "2569"]

1.e4 g6 2.d4 Bg7 3.Nc3 c6 4.f4 d5 5.e5 Nh6 6.Nf3 O-O 7.Be2 Bg4 8.Be3 f6 9.O-O Nd7
10.Bf2 fxe5 11.fxe5 e6 12.h3 Bxf3 13.Bxf3 c5 14.Ne2 Nf5 15.c4 cxd4 16.Nxd4 Nxd4
17.Bxd4 Nxe5 18.Bxe5 Bxe5 19.cxd5 Qg5 20.Qb3 Qg3 21.dxe6 Rae8 22.Rad1 Rf6
23.Rd8 Qh2+ 24.Kf2 Rxf3+ 25.Kxf3 Qf4+ 26.Ke2 Qe4+ 27.Kf2 Qf4+ 28.Ke2 Qe4+
29.Kf2 Qf4+  1/2-1/2

[Event "12th ch-Euro Seniors"]
[Site "Kaunas LTU"]
[Date "2012.08.24"]
[Round "7.11"]
[White "Gruzmann,B"]
[Black "Romcovici,V"]
[Result "1-0"]
[WhiteElo "2284"]
[BlackElo "2146"]

1.e4 c6 2.d4 g6 3.Nc3 Bg7 4.f4 d5 5.e5 Nh6 6.Nf3 O-O 7.Be2 f6 8.O-O b6 9.Kh1 Ba6
10.Be3 Qc8 11.Bxa6 Nxa6 12.Qe2 Nc7 13.Rae1 Ne6 14.Nh4 f5 15.Rd1 Qb7 16.h3 Rad8
17.Qf3 Rd7 18.Kh2 a6 19.b3 Nd8 20.Qf2 e6 21.Nf3 Ndf7 22.Rg1 Rc7 23.g4 fxg4
24.hxg4 c5 25.Ne2 g5 26.fxg5 Nxe5 27.dxe5 Bxe5+ 28.Nxe5 Rxf2+ 29.Bxf2 Nf7
30.Nxf7 Rxf7 31.Rdf1 d4 32.Bg3 Qe4 33.Rxf7 Kxf7 34.Nf4 Qxc2+ 35.Rg2 Qd1 36.Rf2 Ke7
37.g6 hxg6 38.Nxg6+ Kd7 39.Ne5+ Kd6 40.g5 Kd5 41.g6 Qh5+ 42.Kg2 Qg5 43.Rf7 b5
44.g7 c4 45.bxc4+ bxc4 46.Nd7 Kc6 47.Nf6 Qd2+ 48.Kh3 Qh6+ 49.Bh4 Qe3+ 50.Kg4 Qe2+
51.Kg5  1-0

[Event "ZMDI Open A 2012"]
[Site "Dresden GER"]
[Date "2012.08.25"]
[Round "8"]
[White "Meissner,F"]
[Black "Schoene,Mar"]
[Result "1-0"]
[WhiteElo "2242"]
[BlackElo "2184"]

1.d4 g6 2.e4 Bg7 3.Nc3 c6 4.Nf3 d6 5.a4 Nf6 6.Be2 O-O 7.O-O Qc7 8.h3 e5 9.Re1 Nbd7
10.Bg5 Re8 11.Bf1 Nf8 12.d5 h6 13.Be3 g5 14.Nd2 Ng6 15.Nc4 Rd8 16.a5 Nf4
17.Kh2 g4 18.h4 g3+ 19.fxg3 Ng4+ 20.Kg1 Nh5 21.Qf3 Kh8 22.Rad1 Bf6 23.Bd3 Qe7
24.Rf1 Rg8 25.Ne2 c5 26.Bc1 Rg6 27.Bd2 Bd7 28.b4 Rag8 29.bxc5 dxc5 30.Be1 R8g7
31.Rb1 Bc8 32.Rb5 Qd8 33.d6 b6 34.axb6 axb6 35.Rxb6 Qg8 36.Rb8 Kh7 37.d7 Bxh4
38.dxc8=Q  1-0

[Event "2nd Isthmia Open A"]
[Site "Korinthia GRE"]
[Date "2012.08.25"]
[Round "9.13"]
[White "Stamos,F"]
[Black "Azaladze,S"]
[Result "0-1"]
[WhiteElo "1971"]
[BlackElo "2466"]

1.e4 g6 2.d4 Bg7 3.Nc3 c6 4.Nf3 d5 5.h3 Nh6 6.Bf4 f6 7.exd5 cxd5 8.Nb5 Na6
9.c4 Nf7 10.cxd5 Qxd5 11.Nc3 Qf5 12.Qd2 Nb4 13.Bb5+ Bd7 14.Bxd7+ Qxd7 15.O-O O-O
16.d5 Rfd8 17.Rfe1 g5 18.Bg3 e5 19.dxe6 Qxd2 20.Nxd2 Rxd2 21.exf7+ Kxf7 22.Ne4 Rxb2
23.Rad1 Kg6 24.a3 Nc6 25.Rd7 Rd8 26.Red1 Rxd7 27.Rxd7 Bf8 28.Bd6 Rb1+ 29.Kh2 Rd1
30.g4 f5 31.gxf5+ Kxf5 32.Rf7+ Kxe4 33.Bxf8 Ne5 34.f3+ Nxf3+ 35.Kg3 Ne5 36.Rxh7 Rd3+
37.Kg2 Ng6 38.Bb4 Nf4+ 39.Kh2 a5 40.Bxa5 Rxa3 41.Bd8 Ra2+ 42.Kh1 Ne6 43.Bxg5 Nxg5
44.Rxb7 Nf3  0-1

[Event "32nd Bratto Masters"]
[Site "Bratto ITA"]
[Date "2012.08.26"]
[Round "9.11"]
[White "Genocchio,D"]
[Black "Qendro,L"]
[Result "1-0"]
[WhiteElo "2440"]
[BlackElo "2328"]

1.e4 g6 2.d4 Bg7 3.Nc3 c6 4.Nf3 d6 5.Be2 Nf6 6.O-O O-O 7.a4 a5 8.Bf4 Na6
9.h3 Nb4 10.Re1 Be6 11.Bf1 d5 12.Ng5 Bd7 13.e5 Ne8 14.Nb1 f6 15.Nf3 Bf5 16.Na3 Be4
17.Be2 Bxf3 18.Bxf3 f5 19.Qd2 e6 20.c3 Na6 21.b4 axb4 22.cxb4 Rf7 23.Reb1 Bf8
24.g3 Nb8 25.Bd1 Nd7 26.h4 Nb6 27.Bg5 Be7 28.a5 Bxg5 29.hxg5 Nc8 30.Nc2 Nc7
31.Ne1 Nb5 32.Be2 Nca7 33.Ng2 Rd7 34.Rc1 Kf7 35.Rab1 Nc7 36.Rb3 Kg8 37.g4 Rf7
38.f4 Nc8 39.Ne3 Na7 40.Kg2 Ne8 41.Ra3 Nc7 42.Raa1 Qf8 43.Kg3 Nab5 44.gxf5 gxf5
45.Rh1 Rg7 46.Kf2 Qb8 47.Nf1 Qa7 48.Ke3 b6 49.Ng3 c5 50.axb6 cxd4+ 51.Qxd4 Nxd4
52.Rxa7 Nc2+ 53.Kd2 Rxa7 54.bxa7 Nxb4 55.Rb1  1-0

[Event "8th Dieppe Open A 2012"]
[Site "Dieppe FRA"]
[Date "2012.08.26"]
[Round "1.1"]
[White "Schwindling,Jerome"]
[Black "Istratescu,A"]
[Result "0-1"]
[WhiteElo "1943"]
[BlackElo "2647"]

1.d4 g6 2.e4 Bg7 3.Nc3 c6 4.f4 d5 5.e5 Nh6 6.Nf3 f6 7.Bd3 Bg4 8.O-O O-O 9.Ne2 Nd7
10.b3 Qb6 11.Kh1 Bxf3 12.Rxf3 fxe5 13.dxe5 Ng4 14.Qe1 Ndxe5 15.fxe5 Nxe5
16.Rxf8+ Rxf8 17.Rb1 Ng4 18.h3 Nf2+ 19.Kh2 Be5+ 20.g3 Nxd3 21.cxd3 Qf2+ 22.Qxf2 Rxf2+
23.Kg1 Rxe2 24.Bh6 Bxg3  0-1

[Event "134th ch-New York State"]
[Site "Colonie USA"]
[Date "2012.09.01"]
[Round "1"]
[White "Rabin,E"]
[Black "Ivanov,AV USA"]
[Result "0-1"]
[WhiteElo "2029"]
[BlackElo "2533"]

1.e4 g6 2.d4 Bg7 3.Nc3 c6 4.Nf3 d6 5.Bc4 Nf6 6.e5 Nd5 7.Nxd5 cxd5 8.Bb3 Nc6
9.exd6 Qxd6 10.c3 O-O 11.Bg5 h6 12.Bh4 f5 13.Qd2 f4 14.g3 g5 15.Nxg5 hxg5
16.Bxg5 f3 17.Be3 Bf5  0-1

[Event "37th Trade Fair Open A"]
[Site "Brno CZE"]
[Date "2012.09.02"]
[Round "9"]
[White "Tsenov,Tsvetoslav"]
[Black "Veznik,Michael"]
[Result "1-0"]
[WhiteElo "2141"]
[BlackElo "1846"]

1.e4 g6 2.d4 Bg7 3.Nc3 c6 4.Nf3 d6 5.Be3 Nd7 6.Qd2 Ngf6 7.O-O-O b5 8.e5 Ng4
9.Bf4 Qc7 10.exd6 exd6 11.Re1+ Kd8 12.Bxb5 Rb8 13.Bc4 Nb6 14.Bb3 Ba6 15.Ne4 Nc8
16.Nfg5 Nh6 17.Bxf7 Nxf7 18.Ne6+ Kd7 19.Nxc7 Kxc7 20.Qa5+ Rb6 21.Nc5 Bc4
22.b3 Bxd4 23.bxc4 Ne5 24.Ne6+  1-0

[Event "14th Trieste Open A"]
[Site "Trieste ITA"]
[Date "2012.09.02"]
[Round "2"]
[White "Suc,T"]
[Black "Srebrnic,V"]
[Result "1/2-1/2"]
[WhiteElo "2135"]
[BlackElo "2207"]

1.e4 g6 2.d4 Bg7 3.Nc3 c6 4.Be3 d5 5.Qd2 dxe4 6.Nxe4 Nd7 7.Nf3 Ngf6 8.Nxf6+ Nxf6
9.O-O-O Bg4 10.Be2 O-O 11.h3 Bxf3 12.Bxf3 Nd5 13.Bg5 b5 14.Kb1 Qd6 15.h4 f6
16.Bh6 e6 17.Bxg7 Kxg7 18.Bxd5 exd5 19.h5 g5 20.h6+ Kh8 21.Rhe1 Rfe8 22.g3 Qf8
23.Rh1 Qf7 24.f4 g4 25.f5 Qd7 26.Rhf1 Re4 27.Rde1 Rae8 28.Rxe4 Rxe4 29.Rf4 Qe7
30.a3 Kg8 31.Ka2 Qd6 32.Qh2 Rxf4 33.gxf4 Qf8 34.Qh4 Kh8 35.Qxg4 Qxh6 36.Kb3 Qf8
37.Qh5 Qe7 38.Qh4 Kg7 39.Qg4+ Kf8 40.Qh4 Ke8 41.Ka2 Kd7 42.Qg3 Qf7 43.Qe1 Qe7
44.Qh4 Kc7 45.Qg3 Qf7 46.Qe1 Kb6 47.Qe3 a5 48.Qe1 Qf8 49.Qh4 Qf7 50.Qe1 Qd7
51.Qc3 h5 52.Qh3 Qh7 53.c3 Kc7 54.Kb1 Kd8 55.Kc2 Ke8 56.Kd3 Kf8 57.Ke2 h4
58.Kf3 Qe7 59.Qxh4 Qe4+ 60.Kg4 Qe2+ 61.Kh3 Qf3+ 62.Kh2 Qe2+ 63.Kh3 Qd3+ 64.Kg4 Qd1+
65.Kh3 Qh1+ 66.Kg3 Qg1+ 67.Kh3 Qf1+ 68.Kg3 Qd3+ 69.Kg4 Qe2+ 70.Kh3 Qf3+ 71.Kh2 Qe2+  1/2-1/2

[Event "World Youth U16 Olympiad 2012"]
[Site "Istanbul TUR"]
[Date "2012.09.04"]
[Round "9.10"]
[White "Das,Say"]
[Black "Nuri,M"]
[Result "1-0"]
[WhiteElo "2305"]
[BlackElo "2097"]

1.e4 g6 2.d4 Bg7 3.Nc3 c6 4.Nf3 d6 5.Be3 Bg4 6.h3 Bxf3 7.Qxf3 Nd7 8.O-O-O e6
9.h4 h5 10.Bg5 Ne7 11.Qg3 d5 12.exd5 cxd5 13.Bd3 a6 14.Rhe1 Bf6 15.Kb1 Qb8
16.Bf4 Qc8 17.Ne2 Qc6 18.Bg5 Bxg5 19.Qxg5 Qd6 20.Ng1 O-O-O 21.Nf3 Kb8 22.c3 Rc8
23.Ne5 Nxe5 24.Rxe5 Nc6 25.Re3 Rc7 26.Rf3 Rhc8 27.Re1 b5 28.a3 Rb7 29.Qf4 Qxf4
30.Rxf4 Rg8 31.Re3 Na7 32.Ref3 Rg7 33.Rg3 Nc8 34.Rg5 f5 35.Rf3 Ne7 36.Rfg3 Rf7
37.a4 Kc7 38.Kc2 bxa4 39.Re3 a3 40.b3 Kd6 41.Re1 Rf6 42.Ra1 a5 43.Rxa3 Nc6
44.Rg3 f4 45.Rg5 Rg7 46.Bb5 Nd8 47.Rxa5 Nf7 48.Ra7 Nxg5 49.Rxg7 Nf7 50.Bd3 f3
51.g3 e5 52.Rxg6 Ke6 53.Rxf6+ Kxf6 54.dxe5+ Nxe5 55.Kd2 Ng4 56.Ke1 Ke5 57.Bg6 Nf6
58.b4 d4 59.cxd4+ Kxd4 60.Bf7 Ke5 61.Kd2 Kd4 62.Ke1 Ke5 63.b5 Kd6 64.Bc4 Kc5
65.Bd3 Kb6 66.Bf1 Kc5 67.Bd3 Kb6 68.Kd2 Ng4 69.Be4 Kxb5 70.Bxf3 Nf6 71.Ke3 Kc5
72.Kf4 Kd6 73.Kg5 Ke7 74.Bc6 Kf7 75.f3 Kg7 76.Be4 Kf7 77.Bg6+ Kg7 78.Bxh5 Nh7+
79.Kf4 Nf6 80.Bg4 Kh6 81.Be6 Kg6 82.g4 Ne8 83.Ke5 Ng7 84.Bd7  1-0

[Event "11th Kesarovski-Stanchev Mem"]
[Site "Sunny Beach BUL"]
[Date "2012.09.06"]
[Round "6.8"]
[White "Manole,S"]
[Black "Pantev,V"]
[Result "0-1"]
[WhiteElo "2125"]
[BlackElo "2381"]

1.e4 c6 2.d4 g6 3.Nc3 Bg7 4.f4 d5 5.e5 h5 6.Bd3 Nh6 7.Be3 Bf5 8.h3 Qb6 9.Rb1 Bxd3
10.Qxd3 Nf5 11.Bf2 h4 12.Nf3 Qa6 13.Qxa6 Nxa6 14.b4 e6 15.b5 cxb5 16.Nxb5 Bf8
17.O-O Be7 18.c4 dxc4 19.Rfc1 O-O 20.Rxc4 Rfd8 21.Nc7 Nxc7 22.Rxc7 b6 23.Rbc1 a6
24.Rb7 Rdc8 25.Rxc8+ Rxc8 26.Rxb6 Rc1+ 27.Ne1 a5 28.Rb2 Bb4 29.Kf1 Ng3+ 30.Bxg3 hxg3
31.Re2 a4 32.Re4 Ba5 33.h4 Kf8 34.Re3 Ke7 35.f5 exf5 36.d5 f4 37.Re4 f3 38.gxf3 Bxe1  0-1

[Event "TCh-SRB Prem w 2012"]
[Site "Valjevo SRB"]
[Date "2012.09.19"]
[Round "3.4"]
[White "Injac,Teodora"]
[Black "Vujic Katanic,B"]
[Result "1/2-1/2"]
[WhiteElo "1704"]
[BlackElo "2099"]

1.e4 g6 2.d4 Bg7 3.Nc3 c6 4.f4 d5 5.e5 h5 6.Nf3 Nh6 7.Bd3 Bf5 8.Qe2 e6 9.Nd1 Bf8
10.Ne3 Bxd3 11.Qxd3 Nf5 12.Nxf5 gxf5 13.c3 a6 14.Be3 Nd7 15.Bf2 Be7 16.O-O b5
17.Nd2 h4 18.Nb3 a5 19.Nd2 a4 20.b3  1/2-1/2

[Event "Baku Open 2012"]
[Site "Baku AZE"]
[Date "2012.09.23"]
[Round "2.19"]
[White "Babaev,T"]
[Black "Khazhomia,S"]
[Result "0-1"]
[WhiteElo "2397"]
[BlackElo "2143"]

1.e4 g6 2.d4 Bg7 3.Nc3 c6 4.Nf3 d5 5.Bd3 Bg4 6.e5 Qb6 7.Na4 Qa5+ 8.c3 Nd7
9.b4 Qc7 10.h3 Bxf3 11.Qxf3 b5 12.Nc5 Nxc5 13.bxc5 e6 14.O-O Ne7 15.Bg5 O-O
16.g4 Kh8 17.h4 Ng8 18.Bf6 Bxf6 19.exf6 e5 20.Be2 Rfe8 21.h5 gxh5 22.g5 exd4
23.cxd4 Re4 24.Qxh5 Nxf6 25.gxf6 Rg8+ 26.Kh1 Qf4 27.Qh3 Qf5 28.Kh2 Qxf6 29.Rg1 Qxf2+
30.Kh1 Rh4  0-1

[Event "Tatry Open 2012"]
[Site "Tatranske Zruby SVK"]
[Date "2012.09.25"]
[Round "4.14"]
[White "Turna,S"]
[Black "Petran,Pe"]
[Result "1/2-1/2"]
[WhiteElo "2208"]
[BlackElo "2277"]

1.d4 g6 2.e4 Bg7 3.Nc3 c6 4.Be3 d6 5.Qd2 b5 6.Bd3 Nd7 7.Nf3 Nb6 8.e5 Bg4
9.exd6 exd6 10.Ng5 Ne7 11.h3 Bf5 12.Nge4 O-O 13.g4 Be6 14.Bh6 Ned5 15.Bxg7 Kxg7
16.Ne2 h6 17.O-O-O Nf6 18.N2g3 Bd5 19.Rhe1 Bxe4 20.Nxe4 Nxe4 21.Rxe4 d5 22.Re5 Nd7
23.Re2 Qf6 24.c3 Rfe8 25.Rde1 Rxe2 26.Rxe2 Qf3 27.Re3 Qf6 28.Re2 a5 29.f4 Rd8
30.Qe3 Nf8 31.g5 hxg5 32.fxg5 Qd6 33.Rf2 Nd7 34.Be2 Qe6 35.Qxe6 fxe6 36.Bg4 Re8
37.Kc2 c5 38.Kd3 c4+ 39.Ke3 Re7 40.h4 Re8 41.Kd2 Re7 42.Ke3 Re8 43.Kd2 Re7
44.h5 gxh5 45.Re2 Kf7 46.Bxh5+ Kg7  1/2-1/2

[Event "Baku Open 2012"]
[Site "Baku AZE"]
[Date "2012.09.28"]
[Round "7.10"]
[White "Abasov,N"]
[Black "Iskandarov,M"]
[Result "1/2-1/2"]
[WhiteElo "2461"]
[BlackElo "2380"]

1.e4 g6 2.d4 Bg7 3.Nc3 c6 4.Nf3 d6 5.Be3 Nf6 6.h3 O-O 7.Qd2 Nbd7 8.Be2 b5
9.a3 Nb6 10.e5 Nfd5 11.Nxd5 Nxd5 12.Bh6 f6 13.O-O fxe5 14.dxe5 dxe5 15.Bxg7 Kxg7
16.Nxe5 Qd6 17.Ng4 Bxg4 18.Bxg4 h5 19.Bf3 Rxf3 20.gxf3 Rf8 21.Rae1 Rf5 22.Re4 Qf6
23.Rfe1 e5 24.h4 Nf4 25.Qd7+ Kh6 26.Qc8 Nh3+ 27.Kg2 Rxf3 28.R4e3 e4  1/2-1/2

[Event "Tatry Open 2012"]
[Site "Tatranske Zruby SVK"]
[Date "2012.09.29"]
[Round "8.25"]
[White "Jurcisin,I"]
[Black "Klemanic,E"]
[Result "0-1"]
[WhiteElo "2032"]
[BlackElo "2209"]

1.e4 g6 2.d4 Bg7 3.Nc3 c6 4.Nf3 d6 5.Bf4 Nf6 6.Qd2 Bg4 7.Be2 Nbd7 8.h3 Bxf3
9.Bxf3 e5 10.dxe5 dxe5 11.Be3 O-O 12.g4 Qe7 13.g5 Ne8 14.O-O-O Nc5 15.Ne2 f5
16.gxf6 Nxf6 17.Ng3 Ne6 18.Be2 Rad8 19.Qa5 b6 20.Qa6 Nf4 21.Bc4+ Kh8 22.Rxd8 Rxd8
23.Rd1 Rxd1+ 24.Kxd1 Qd7+ 25.Kc1 Nxh3 26.Bf1 Nf4 27.a4 h5 28.a5 h4 29.Nh1 Nxe4
30.axb6 axb6 31.Qxb6 Nd5 32.Qb8+ Kh7 33.Bd3 Nxe3 34.fxe3 Nc5 35.Bc4 Qh3 36.Nf2 Qxe3+  0-1

[Event "30th Balaton Open"]
[Site "Heviz HUN"]
[Date "2012.09.30"]
[Round "8.6"]
[White "Grimm,D"]
[Black "Csala,Im"]
[Result "0-1"]
[WhiteElo "2151"]
[BlackElo "2198"]

1.e4 g6 2.d4 Bg7 3.Nc3 c6 4.Nf3 d6 5.h3 Nd7 6.Be2 e5 7.Be3 Ngf6 8.Qd2 b5
9.dxe5 dxe5 10.Qd6 Bb7 11.Rd1 Bf8 12.Qd3 Qc7 13.Nd2 Be7 14.Bf3 Nc5 15.Bxc5 Bxc5
16.Nb3 Be7 17.O-O O-O 18.Qe3 Qb6 19.Qg5 Qc7 20.Qe3 Bc8 21.Rd2 a5 22.Rfd1 a4
23.Nc1 Kg7 24.Nd3 h6 25.Re1 Be6 26.Nc5 Bc8 27.Nd3 b4 28.Nb1 Ra5 29.c3 b3
30.a3 Nd7 31.Rdd1 Bg5 32.Qe2 Ba6 33.Nd2 Nc5 34.c4 Ne6 35.Nb4 Nd4 36.Qd3 Rd8
37.Qc3 Bc8 38.Nf1 Be6 39.Ng3 Raa8 40.Be2 Rd7 41.Bf1 Rad8 42.c5 Be7 43.Rc1 h5
44.Be2 Bg5 45.Ra1 Bd2 46.Qd3 h4 47.Nf1 Nc2  0-1

[Event "TATA 50th ch-IND National Premier"]
[Site "Kolkata IND"]
[Date "2012.10.02"]
[Round "2.8"]
[White "G.,A"]
[Black "Lalith,B"]
[Result "0-1"]
[WhiteElo "2343"]
[BlackElo "2540"]

1.e4 g6 2.d4 Bg7 3.Nc3 c6 4.Nf3 d6 5.a4 Nf6 6.h3 O-O 7.Be3 Qa5 8.Bd3 e5 9.O-O Nbd7
10.Bc4 Re8 11.dxe5 Nxe5 12.Nxe5 Qxe5 13.Bd4 Qf4 14.Be3 Qh4 15.Qxd6 Nxe4 16.Nxe4 Rxe4
17.Rad1 Bf5 18.b3 Be5 19.Qd2 Bxh3 20.Bg5 Qh5 21.f4 Bd4+ 22.Qxd4 Rxd4 23.Rxd4 Qg4
24.Rf2 Re8 25.Kh2 Re3 26.Bf6 Qg3+ 27.Kg1 Re8 28.Re2 Be6 29.f5 gxf5 30.Bxe6 fxe6
31.Be5 Qg5 32.Rd7 Re7 33.Rd3 Kf7 34.Rg3 Qh6 35.Rh3 Qc1+ 36.Kh2 Ke8 37.Rg3 b6
38.Ree3 Qxc2 39.Rd3 Qe2 40.Rge3 Qg4 41.Rg3 Qh4+ 42.Kg1 Rf7 43.Rd4 Qh6 44.Rg8+ Rf8
45.Rg3 f4 46.Rgd3 Qg5 47.Bc7 e5 48.Rd6 Kf7 49.Bd8 Qg4 50.Rh3 Kg8 51.Bf6 e4
52.Be5 Re8 53.Bc3 f3  0-1

[Event "TCh-NED Meesterklasse 2012-13"]
[Site "Netherland NED"]
[Date "2012.10.06"]
[Round "2.4"]
[White "Martens,M"]
[Black "Lanchava,T"]
[Result "1/2-1/2"]
[WhiteElo "2431"]
[BlackElo "2351"]

1.e4 g6 2.d4 Bg7 3.Nc3 c6 4.Be3 b5 5.Qd2 Nf6 6.Bd3 Ng4 7.Nf3 Nxe3 8.Qxe3 b4
9.Ne2 c5 10.e5 cxd4 11.Nfxd4 Bb7 12.Be4 Qb6 13.Bxb7 Qxb7 14.O-O O-O 15.a3 Na6
16.Rfd1 Rac8 17.h4 d6 18.exd6 exd6 19.Qb3 Rc7 20.axb4 Nxb4 21.Ra5 Rc5 22.Rda1 Rxa5
23.Rxa5 Bxd4 24.Nxd4 Qb6 25.Rb5 Qxd4 26.Rxb4 Qe5 27.g3 Re8  1/2-1/2